书目信息 |
| 题名: |
黑金
|
|
| 作者: | 张源 著 | |
| 分册: | ||
| 出版信息: | 北京 中国人民公安大学出版社 2009.04 |
|
| 页数: | 288页 | |
| 开本: | 24cm | |
| 丛书名: | ||
| 单 册: | ||
| 中图分类: | I247.5 | |
| 科图分类: | ||
| 主题词: | 长篇小说--中国--当代 | |
| 电子资源: | ||
| ISBN: | 978-7-81139-507-5 | |
| 000 | 00711nam0 0000229 | |
| 001 | 616977 | |
| 005 | 20100811083747.10 | |
| 010 | @a978-7-81139-507-5@dCNY30.00 | |
| 100 | @a20100515d2003 em y0chiy0121 ea | |
| 101 | 0 | @achi |
| 102 | @aCN@b110000 | |
| 105 | @ay z 000yy | |
| 200 | 10 | @a黑金@Ahei jin@f张源著@Fzhang yuan zhu |
| 210 | @a北京@c中国人民公安大学出版社@d2009.04 | |
| 215 | @a288页@d24cm | |
| 300 | @a长篇原创悬疑时政小说 | |
| 330 | @a本书讲述的是在一次矿难中,姜云杰失去了父亲,母亲精神失常走失了。与此同时,吕逸飞的父亲即矿主也神秘地中毒而死。 | |
| 606 | 0 | @a长篇小说@y中国@z当代 |
| 690 | @aI247.5@v4 | |
| 701 | 0 | @a张源@Azhang yuan@4著 |
| 801 | 0 | @aCN@c20100515 |
| 905 | @dI247.5@eZ2351@f5 | |
| 黑金/张源著.-北京:中国人民公安大学出版社,2009.04 |
| 288页;24cm |
| 长篇原创悬疑时政小说 |
| ISBN 978-7-81139-507-5:CNY30.00 |
| 本书讲述的是在一次矿难中,姜云杰失去了父亲,母亲精神失常走失了。与此同时,吕逸飞的父亲即矿主也神秘地中毒而死。 |
| ● |
| 相关链接 |
|
|
|
正题名:黑金
索取号:I247.5/Z2351
 
预约/预借
| 序号 | 登录号 | 条形码 | 馆藏地/架位号 | 状态 | 备注 |
| 1 | 1022873 | 210228733 | 文学库108/108文学库 42排2列5层/ [索取号:I247.5/Z2351] | 在馆 | |
| 2 | 1022874 | 210228742 | 社科二线400B/400B社科库 18排3列1层/ [索取号:I247.5/Z2351] | 在馆 | |
| 3 | 1022875 | 210228751 | 社科二线400B/400B社科库 18排3列1层/ [索取号:I247.5/Z2351] | 在馆 | |
| 4 | 1022876 | 210228760 | 社科二线400B/400B社科库 18排3列1层/ [索取号:I247.5/Z2351] | 在馆 | |
| 5 | 1022877 | 210228779 | 社科二线422/422社科库 20排2列6层/ [索取号:I247.5/Z2351] | 在馆 |